Antología cósmica de Daniel Gutiérrez Pedreiro / (Registro nro. 2407)
[ vista simple ]
| 000 -CABECERA | |
|---|---|
| campo de control de longitud fija | 00572cam a2200169 a 4500 |
| 001 - NÚMERO DE CONTROL | |
| campo de control | 000002571 |
| 005 - FECHA Y HORA DE LA ÚLTIMA TRANSACCIÓN | |
| campo de control | 20200929150221.0 |
| 008 - DATOS DE LONGITUD FIJA--INFORMACIÓN GENERAL | |
| campo de control de longitud fija | 990702s1999 mx a 000 0 spa |
| 040 ## - FUENTE DE LA CATALOGACIÓN | |
| Centro catalogador/agencia de origen | DO-SdBNP |
| Centro/agencia transcriptor | DLC |
| 082 ## - NÚMERO DE LA CLASIFICACIÓN DECIMAL DEWEY | |
| Número de clasificación | 808.81 |
| Número de documento/Ítem | A696a |
| 100 1# - ENTRADA PRINCIPAL--NOMBRE DE PERSONA | |
| Nombre de persona | Arias de la Canal, Fredo. |
| 9 (RLIN) | 8096 |
| 245 10 - MENCIÓN DE TÍTULO | |
| Título | Antología cósmica de Daniel Gutiérrez Pedreiro / |
| Mención de responsabilidad, etc. | por Fredo Arias de la Canal. |
| 260 ## - PUBLICACIÓN, DISTRIBUCIÓN, ETC. | |
| Lugar de publicación, distribución, etc. | México : |
| Nombre del editor, distribuidor, etc. | Frente de Afirmación Hispanista, |
| Fecha de publicación, distribución, etc. | 1999. |
| 300 ## - DESCRIPCIÓN FÍSICA | |
| Extensión | xv, 153 p. : |
| Otras características físicas | il. ; |
| Dimensiones | 23 cm. |
| 650 #4 - PUNTO DE ACCESO ADICIONAL DE MATERIA--TÉRMINO DE MATERIA | |
| Término de materia o nombre geográfico como elemento de entrada | Poesía mexicana |
| Subdivisión general | Colecciones |
| 9 (RLIN) | 8097 |
| 910 ## - DATOS DE OPCIÓN DEL USUARIO (OCLC) | |
| Datos de opción del usuario | Catalogación por copia / LC |
| Estado de retiro | Estado de pérdida | Restricciones de uso | No para préstamo | Código de colección | Localización permanente | Ubicación/localización actual | Ubicación en estantería | Fecha de adquisición | Número de inventario | Total de préstamos | Signatura topográfica completa | Código de barras | Fecha visto por última vez | Precio válido a partir de | Tipo de ítem Koha |
|---|---|---|---|---|---|---|---|---|---|---|---|---|---|---|---|
| Préstamo interno | Monografías: Libros y Folletos | General | General | Depósito | 03.07.2009 | LF1 | 808.81 A696a | 2571-10 | 25.06.2020 | 25.06.2020 | Préstamo interno |
